000 00864nas a2200289 4500
001 BR2013003379
003 BR-BrBNA
005 20231205122243.0
007 ta
008 230509b bl.|||p| |||| 00| 00por d
040 _aBR-BrBNA
_bpor
_cBiblioteca Nacional de Agricultura
041 _a(Pt)
072 _aL53; L02
100 1 _aFontes, D. de O.
100 1 _aMachado, G.S. de
100 1 _aMendes, C.B.S.
100 1 _aCorrêa, G. da S.S.
100 1 _aSilva, M. de A. e
245 1 _aNutrição e eficiência reprodutiva de marrãs
650 _aSUÍNO
650 _aMARRÃ
650 _aREPRODUÇÃO ANIMAL
650 _aNUTRIÇÃO ANIMAL
773 0 _tCadernos Técnicos de Veterinária e Zootecnia (Brazil)
_xISSN 1676-6024
_g(Sep 2007), no. 54 p. 25-49
_wBR2013003379
909 _a202311
_bLúcia
_c55
_dLúcia Elande
942 _2AGRIS
_n0
_cANA
999 _c227708
_d227708